Diseño y construcción de un sistema de tracción delantera para una bicicleta de montaña
Gespeichert in:
| 1. Verfasser: | |
|---|---|
| Format: | Buch |
| Sprache: | Undetermined |
| Veröffentlicht: |
San José, C.R.
1996
|
| Schlagworte: | |
| Tags: |
Tag hinzufügen
Keine Tags, Fügen Sie den ersten Tag hinzu!
|
MARC
| LEADER | 00000nam a2200000Ia 4500 | ||
|---|---|---|---|
| 003 | 008033 | ||
| 005 | 20221231144236.0 | ||
| 008 | 140114s9999 xx 000 0 und d | ||
| 040 | |c cru CEDI | ||
| 090 | |a TFG 3553 | ||
| 100 | |a Guzmán Sánchez, Mario |9 9727 | ||
| 245 | |a Diseño y construcción de un sistema de tracción delantera para una bicicleta de montaña | ||
| 260 | |c 1996 |a San José, C.R. | ||
| 300 | |a viii, [94] hojas : ilustraciones (algunas a color) | ||
| 500 | |a Proyecto de graduación (licenciatura en ingeniería mecánica)--Universidad de Costa Rica. Facultad de Ingeniería. Escuela de Ingeniería Mecánica | ||
| 650 | |x BICICLETAS |x DISEÑO Y CONSTRUCCION |9 9728 | ||
| 942 | |c TFG | ||
| 999 | |c 18938 |d 18938 | ||
